Focus (Record no. 76722)
[ view plain ]
| 000 -LEADER | |
|---|---|
| fixed length control field | 00900cab a2200229 4500 |
| 001 - CONTROL NUMBER | |
| control field | ##L132964 |
| 008 - FIXED-LENGTH DATA ELEMENTS--GENERAL INFORMATION | |
| fixed length control field | 060328n2006 000 0 eng u |
| 035 ## - SYSTEM CONTROL NUMBER | |
| System control number | (Sirsi) u132964 |
| 041 0# - LANGUAGE CODE | |
| Language code of text/sound track or separate title | eng |
| 100 1# - MAIN ENTRY--PERSONAL NAME | |
| Personal name | Pilkington, Lisa |
| 245 00 - TITLE STATEMENT | |
| Title | Focus |
| Remainder of title | Greater Manchester retail and leisure |
| 260 ## - PUBLICATION, DISTRIBUTION, ETC. | |
| Date of publication, distribution, etc. | 2006 |
| 490 #0 - SERIES STATEMENT | |
| Series statement | Estates Gazette |
| Volume/sequential designation | (0612) 25 March 2006, 77-95(14) |
| 520 ## - SUMMARY, ETC. | |
| Summary, etc. | Looks at the retail and leisure market in Greater Manchester. Reports on the rebuilt Arndale Centre, the Spinningfields regeneration project, the planned redevelopment of the Piccadilly area, the future for independent retailers in the city centre, and developments in Wigan and Stockport. |
| 590 ## - LOCAL NOTE (RLIN) | |
| Local note | IKA280306 |
| 690 ## - LOCAL SUBJECT ADDED ENTRY--TOPICAL TERM (OCLC, RLIN) | |
| Topical term or geographic name as entry element | PROPERTY-COMMERCIAL PROPERTY-RETAIL PROPERTY |
| 700 1# - ADDED ENTRY--PERSONAL NAME | |
| Personal name | Pio Kivlehan, Noella |
| 700 1# - ADDED ENTRY--PERSONAL NAME | |
| Personal name | Thame, David |
| 700 1# - ADDED ENTRY--PERSONAL NAME | |
| Personal name | Quinn, David |
| 700 1# - ADDED ENTRY--PERSONAL NAME | |
| Personal name | Elghamry, Nadia |
| 942 ## - ADDED ENTRY ELEMENTS (KOHA) | |
| Suppress in OPAC | 0 |
| Withdrawn status | Lost status | Source of classification or shelving scheme | Damaged status | Not for loan | Home library | Current library | Shelving location | Date acquired | Total Checkouts | Full call number | Barcode | Date last seen | Copy number | Price effective from | Koha item type |
|---|---|---|---|---|---|---|---|---|---|---|---|---|---|---|---|
| Dewey Decimal Classification | London | London | Journal article | 28/03/2006 | L132964 | 132964-1001 | 06/08/2019 | 1 | 06/08/2019 | Journal article |